ბათუმის შოთა რუსთაველის სახელმწიფო უნივერსიტეტის ბიბლიოთეკა

Механика грунтов. (ბიბ.ჩანაწერი № 50954)

000 -LEADER
fixed length control field 00717nam a2200241Ia 4500
001 - CONTROL NUMBER
control field 17911
003 - CONTROL NUMBER IDENTIFIER
control field GE_BSU
008 - FIXED-LENGTH DATA ELEMENTS--GENERAL INFORMATION
fixed length control field 181216s||||||||xx |||||||||||||| ||und||
040 ## - CATALOGING SOURCE
Transcribing agency GE_BSU
080 ## - UNIVERSAL DECIMAL CLASSIFICATION NUMBER
Universal Decimal Classification number 624.131
100 ## - MAIN ENTRY--PERSONAL NAME
Personal name Цытович,Н.А.
245 ## - TITLE STATEMENT
Title Механика грунтов.
245 ## - TITLE STATEMENT
Remainder of title Учебное пособие.
245 ## - TITLE STATEMENT
Statement of responsibility, etc. Ред. Н.А.Быстровская.
250 ## - EDITION STATEMENT
Edition statement Изд. четвертое, вновь перер. и дополненное.
260 ## - PUBLICATION, DISTRIBUTION, ETC.
Place of publication, distribution, etc. М.
260 ## - PUBLICATION, DISTRIBUTION, ETC.
Name of publisher, distributor, etc. Госстройиздат.
260 ## - PUBLICATION, DISTRIBUTION, ETC.
Date of publication, distribution, etc. 1963.
300 ## - PHYSICAL DESCRIPTION
Extent 636 стр. 22 см.
300 ## - PHYSICAL DESCRIPTION
Accompanying material Библиогр.: стр. 633-634.
653 ## - INDEX TERM--UNCONTROLLED
Uncontrolled term Механика грунтов.
942 ## - ADDED ENTRY ELEMENTS (KOHA)
Koha item type წიგნი
ეგზემპლარები
Withdrawn status Lost status Damaged status Not for loan Date acquired Barcode Date last seen Price effective from Koha item type
        2018-12-17 12284 2018-12-17 2018-12-17 წიგნი